000
00258nam a2200109Ia 4500
008
190216s9999||||xx |||||||||||||| ||und||
100
_a
Brooke Worth
245
0
_a
Malayalam-Jeevikalude Prakrithi
260
_b
Current Books
650
_a
Padanam
942
_c
BK
999
_c
24414
_d
24414